000 00864cam a2200325Mi 4500
001 75617
005 20230410105312.0
008 070223s2007 fr 000 0 fre d
035 _a(OCoLC)ocm85829505
040 _aTZT
_cTZT
020 _a9782707149541
020 _a2707149543
029 0 _aTZT
_bJTL00197232
035 _a(OCoLC)85829505
072 7 _aHD
_2lcco
082 1 4 _a330
_21
050 1 4 _aH 61
_bR425
100 1 _aGlaymann, Dominique.
245 1 2 _aL'intérim /
_cDominique Glaymann.
260 _aParis :
_bDécouverte,
_c2007.
300 _a121 p.
490 1 _aCollection Reperes;
_vn. 475
653 _aSociology of work
730 0 _aCollection Reperes
830 0 _aReperes /Sociologie
938 _aJean Touzot Libraire Editeur
_bTOUZ
_nJTL00197232
_c8,50 EUR
942 _2lcc
_cbk
946 _amjcruz
994 _aC0
_bDRFGD
999 _c33960
_d33960